000
00280nam a22001337a 4500
008
170227b xxu||||| |||| 00| 0 eng d
020
_a
9781850706144
041
_a
eng
080
_a
617
100
_a
5
101
_a
SHK
245
_a
URO ONCOLOGY
_c
KIRBY.R.S
942
_2
udc
_c
BK
999
_c
6290
_d
6290